Text Book Of Environmental Studies (Record no. 8690)
[ view plain ]
| 000 -LEADER | |
|---|---|
| fixed length control field | 00376nam a22001577a 4500 |
| 003 - CONTROL NUMBER IDENTIFIER | |
| control field | OSt |
| 008 - FIXED-LENGTH DATA ELEMENTS--GENERAL INFORMATION | |
| fixed length control field | 200703b ||||| |||| 00| 0 eng d |
| 020 ## - INTERNATIONAL STANDARD BOOK NUMBER | |
| International Standard Book Number | 9788174733023 |
| 082 ## - DEWEY DECIMAL CLASSIFICATION NUMBER | |
| Classification number | 333.7 SIT |
| 100 ## - MAIN ENTRY--PERSONAL NAME | |
| Personal name | Shradha Sinha |
| 245 ## - TITLE STATEMENT | |
| Title | Text Book Of Environmental Studies |
| 260 ## - PUBLICATION, DISTRIBUTION, ETC. (IMPRINT) | |
| Place of publication, distribution, etc | New Delhi |
| Name of publisher, distributor, etc | AITBS |
| Date of publication, distribution, etc | 2019 |
| 300 ## - PHYSICAL DESCRIPTION | |
| Extent | 326 |
| 650 ## - SUBJECT ADDED ENTRY--TOPICAL TERM | |
| Topical term or geographic name as entry element | Biology and EVS |
| 942 ## - ADDED ENTRY ELEMENTS (KOHA) | |
| Source of classification or shelving scheme | Dewey Decimal Classification |
| Koha item type | Text Books |
| Withdrawn status | Lost status | Source of classification or shelving scheme | Damaged status | Not for loan | Collection code | Home library | Current library | Date acquired | Source of acquisition | Currency | Cost, normal purchase price | Bill Number | Total Checkouts | Full call number | Acc. no. / Barcode | Date last seen | Date last borrowed | Actual Cost, discounted price | Bill Date | Koha item type |
|---|---|---|---|---|---|---|---|---|---|---|---|---|---|---|---|---|---|---|---|---|
| Dewey Decimal Classification | B.Pharma | PIET C-LIBRARY | PIET C-LIBRARY | 01/02/2020 | Kirti Praskshan | IN Rupees | 215.00 | IN6239 | 1 | 333.7 SIT | BP629 | 29/12/2021 | 01/06/2021 | 139.75 | 01/02/2020 | Reference Books | ||||
| Dewey Decimal Classification | B.Pharma | PIET C-LIBRARY | PIET C-LIBRARY | 01/02/2020 | Kirti Praskshan | IN Rupees | 215.00 | IN6239 | 7 | 333.7 SIT | BP630 | 22/09/2025 | 10/07/2025 | 139.75 | 01/02/2020 | Text Books |